003580000a22001330004500020001800000041000800018082001800026100003600044245004600080260002800126300001200154440005200166001000600218 a84-8280-161-90 aSPA04aG 970.1 N575n1 aNúñez Cabeza de Vaca, Alvar10aNaufragios / Alvar Nuñez Cabeza de Vaca aBogotá : Oveja Negra a152 Pag 0aColección Historia Universal de la Literatura13167